| 000 | 00880cam a2200277 4500 | ||
|---|---|---|---|
| 008 | 090401t1995 xxu||||| |||| 00| 0 eng d | ||
| 020 | _a0854066950 | ||
| 035 | _a(Sirsi) u62067 | ||
| 041 | _aeng | ||
| 050 |
_a346.4104343 _c18 |
||
| 090 | _aRICS 1995/70ABCD | ||
| 110 |
_aRoyal Institution of Chartered Surveyors _94900 |
||
| 245 | 4 |
_aThe insurance of managed property _bcommercial property guidance note |
|
| 260 |
_aLondon _bRICS _c1995 |
||
| 300 |
_a26p. _c30cm. |
||
| 350 | _a9.95 | ||
| 490 | _aRICS Commercial Property Guidance Note | ||
| 490 | _aRICS Guidance Note | ||
| 650 | _aPROPERTY-COMMERCIAL PROPERTY | ||
| 650 | _aPROPERTY INSURANCE | ||
| 650 |
_aProperty management _96262 |
||
| 690 |
_aInsurance _96249 |
||
| 710 |
_aRoyal Institution of Chartered Surveyors _bCommercial Property Management Skills Panel _94496 |
||
| 942 | _n0 | ||
| 948 | _c04/03/1997 | ||
| 999 |
_c94369 _d94369 |
||